| 000 | 01422cam a22003258a 4500 | ||
|---|---|---|---|
| 001 | 2752 | ||
| 005 | 20240112111837.0 | ||
| 020 | _a9781410419033 (alk. paper) | ||
| 020 | _a9780439405591 | ||
| 020 | _a1410419037 (alk. paper) | ||
| 040 |
_aDLC _cDLC _beng |
||
| 050 | 1 | 0 |
_aPS3561.N485 _bR47 2009 |
| 082 | 0 | 0 |
_a813/.54 _222 |
| 100 | 1 | _aLasky, Kathryn | |
| 245 | 1 | 4 |
_aThe rescue / _cby Kathryn Lasky |
| 250 | _aFirst printing, January 2004 | ||
| 260 |
_aNew York : _bScholastic, _c2009 |
||
| 300 |
_a359 pages ; _c20 cm |
||
| 490 | 0 |
_aGuardians of Ga'Hoole ; _vBook 3 |
|
| 505 | _aT | ||
| 520 | _aThe third book in the GUARDIANS OF GA'HOOLE series, a classic hero mythology, chronicles Soren's quest for his missing mentor, Ezylryb, and battle against his evil brother, Kludd.Now that Soren has been reunited with his sister, Eglantine, he must face his next challenge: making sense of the mysterious disappearance of his mentor, Ezylryb. When Soren discovers that Ezylryb is in danger, he and his friends Gylfie, Twilight, and Digger devise a plan to save the beloved teacher. In this process, Soren must fight a ferocious foe who wears... | ||
| 521 |
_a850 _bLexile |
||
| 521 |
_aT _bRaz-Plus |
||
| 650 | 0 |
_aOwls _vFiction. |
|
| 650 | 0 | _aLarge type books. | |
| 655 | 0 | _aChildren's stories. | |
| 655 | 7 |
_aFantasy fiction. _2gsafd |
|
| 906 |
_a7 _bcbc _corignew _d1 _eecip _f20 _gy-gencatlg |
||
| 942 |
_2ddc _cBK _n0 |
||
| 999 |
_c2752 _d2752 |
||